00509 2200205 4500001002100000005001500021035002000036245004100056100001800097250001100115300003000126700002200156260004500178082001000223084001600233020002200249650001000271990001100281990001100292INLIS00000000000193820251224022316 a0010-12250000141 aMencari Kopi Flores /cBeng Rahadian0 aBeng Rahadian aCet. 1 a154 hlm :bilust ;c23 cm0 aMirna Yulistianti aJakarta :bGramedia Pustaka Utama,c2025 a741.5 a741.5 BEN m a978-602-068-356-0 4aKomik a003988 a003989